Almost Played By Leonardo DiCaprio Quiz Stats

 Plays Quiz not verified by Sporcle

Score 0/12 Timer 03:00
0 Plays Today
% Correct
Spider-Man
97.1%
Inglourious Basterds
92.2%
Batman Forever
91.6%
Star Wars: Episode II - Attack of the Clones
90.8%
Public Enemies
86.7%
American Psycho
86.5%
Harvard Man
86.5%
Boogie Nights
84.4%
The Good Shepherd
80.4%
Steve Jobs
79%
Sin City
76.1%
The Dreamers
53.6%

You're not logged in!

Compare scores with friends on all Sporcle quizzes.
OR
Log In

Sporcle TV

Today on Sporcle TV


Watch our educational content, quiz creation guides, and fun videos on Sporcle TV.

Show Comments

Extras

Top Quizzes Today


Score Distribution

Your Account Isn't Verified!

In order to create a playlist on Sporcle, you need to verify the email address you used during registration. Go to your Sporcle Settings to finish the process.

Report this User

Report this user for behavior that violates our Community Guidelines.

Details: